| 000 | 00697nam a2200217 a 4500 | ||
|---|---|---|---|
| 001 | 1052 | ||
| 003 | CDMR | ||
| 005 | 20130503114900.0 | ||
| 008 | 130130s1975||||||||||||||||||||||||||||d | ||
| 020 | _a8472350738 | ||
| 040 |
_aCDMR _bcat _cCDMR |
||
| 100 | 1 |
_aServan-Schreiber, Jean-Louis _984 |
|
| 245 | 1 | 3 |
_aEl poder de la información _cJ. L. Servan-Schreiber ; epílogo a la edición española José Mª Casasús |
| 260 |
_aBarcelona _c1973 _bDopesa |
||
| 300 | _a340 p. | ||
| 490 | 0 |
_aTestimonio de Actualidad _v27 |
|
| 500 | _aTítol a la coberta: El poder de informar | ||
| 650 | 0 | 4 |
_91544 _aPeriodisme _xInfluència |
| 650 | 0 | 4 |
_9980 _aComunicació _xAspectes ètics i morals |
| 942 |
_cMON _2udc |
||
| 999 |
_c1052 _d1052 |
||